书目信息 |
| 题名: |
聚合物研究方法
|
|
| 作者: | 张美珍 主编 | |
| 分册: | ||
| 出版信息: | 北京 中国轻工业出版社 2000 |
|
| 页数: | 194 | |
| 开本: | 26cm | |
| 丛书名: | ||
| 单 册: | ||
| 中图分类: | TQ31 | |
| 科图分类: | ||
| 主题词: | 高聚物--化学工业 | |
| 电子资源: | ||
| ISBN: | 7-5019-2626-3 | |
| 000 | 00527nam0 2200181 450 | |
| 001 | 0754114953 | |
| 005 | 20070929150154.95 | |
| 010 | @a7-5019-2626-3 | |
| 100 | @a20070929d km y0chiy0120 ea | |
| 101 | 0 | @achi |
| 200 | 1 | @a聚合物研究方法@Aju he wu yan jiu fang fa@f张美珍 主编@Fzhang mei zhen zhu bian |
| 210 | @a北京@c中国轻工业出版社@d2000 | |
| 215 | @a194@c插图@d26cm | |
| 606 | 0 | @a高聚物@x化学工业 |
| 690 | @aTQ31@v3 | |
| 701 | 0 | @a张美珍@Azhang mei zhen@4主编 |
| 801 | 0 | @aCN@bPFT@c20070929 |
| 905 | @a213230@dTQ31@eh99@f1 | |
| 聚合物研究方法/张美珍 主编.-北京:中国轻工业出版社,2000 |
| 194:插图;26cm |
| ISBN 7-5019-2626-3: |
| ● |
| 相关链接 |
|
|
|
|
正题名:聚合物研究方法
索取号:TQ31/h99
 
预约/预借
| 序号 | 登录号 | 条形码 | 馆藏地/架位号 | 状态 | 备注 |
| 1 | 6001520 | 260015209 | 密集书库-化学系/ [索取号:TQ31/h99] | 在馆 |